NLSUI OPAC header image

The Penguin history of early India : (Record no. 37482)

MARC details
000 -LEADER
fixed length control field 02354cam a22003494a 4500
001 - CONTROL NUMBER
control field 12897595
005 - DATE AND TIME OF LATEST TRANSACTION
control field 20260324111149.0
008 - FIXED-LENGTH DATA ELEMENTS--GENERAL INFORMATION
fixed length control field 020816s2003 caub b 001 0 eng
010 ## - LIBRARY OF CONGRESS CONTROL NUMBER
LC control number 2002031453
020 ## - INTERNATIONAL STANDARD BOOK NUMBER
International Standard Book Number 9780143029892
035 ## - SYSTEM CONTROL NUMBER
System control number 12897595
040 ## - CATALOGING SOURCE
Original cataloging agency DLC
Transcribing agency DLC
Modifying agency DLC
042 ## - AUTHENTICATION CODE
Authentication code pcc
043 ## - GEOGRAPHIC AREA CODE
Geographic area code a-ii---
082 ## - DEWEY DECIMAL CLASSIFICATION NUMBER
Classification number 934 THA
100 1# - MAIN ENTRY--PERSONAL NAME
Personal name Thapar, Romila
245 10 - TITLE STATEMENT
Title The Penguin history of early India :
Remainder of title from the origins to AD 1300 /
Statement of responsibility, etc. Romila Thapar.
260 ## - PUBLICATION, DISTRIBUTION, ETC.
Place of publication, distribution, etc. New Delhi :
Name of publisher, distributor, etc. Penguin Books,
Date of publication, distribution, etc. 2002.
300 ## - PHYSICAL DESCRIPTION
Extent xxx, 555 p. :
Other physical details maps ;
Dimensions 25 cm.
500 ## - GENERAL NOTE
General note This new book represents a complete rewriting by the author of her A History of India, vol. 1.
504 ## - BIBLIOGRAPHY, ETC. NOTE
Bibliography, etc. note Includes bibliographical references (p. 542-544) and index.
505 ## - FORMATTED CONTENTS NOTE
Formatted contents note Chronology: c. 1000 BC-AD 1300 xiii;<br/>Introduction xvii;<br/>1. Perceptions of the Past 1;<br/>2 Landscapes and Peoples 37;<br/>3 Antecedents 69;<br/>4 Towards Chiefdoms and Kingdoms: c. 1200-600 BC (98);<br/>5 States and Cities of the Indo-Gangetic Plain: c. 600-300 BC: 137;<br/>6 The Emergence of Empire: Mauryan India; c. 321-185 BC. 174.<br/>7. Of Politics and Trade: c. 200 BC-AD 300: 209;<br/>8 The Rise of the Mercantile Community: c. 200 BC-AD 300 (245);<br/>9 Threshold Times: c. AD 300-700 2.80;<br/>10. The Peninsula: Emerging Regional Kingdoms C. AD 500-900 32. 6;<br/>11 The Peninsula: Establishing Authorities and Structures c. AD 900-1300: 363;<br/>12 The Politics of Northern India: c. AD 700-1200: 405;<br/>13 Northern India: Distributive Political Economies and Regional Cultures; c. AD 800-1300: 442;<br/>Maps 491;<br/>
651 #0 - SUBJECT ADDED ENTRY--GEOGRAPHIC NAME
Geographic name India
General subdivision History
Chronological subdivision To 324 B.C.
651 #0 - SUBJECT ADDED ENTRY--GEOGRAPHIC NAME
Geographic name India
General subdivision History
Chronological subdivision 324 B.C.-1000 A.D.
651 #0 - SUBJECT ADDED ENTRY--GEOGRAPHIC NAME
Geographic name India
General subdivision History
Chronological subdivision 1000-1526.
856 41 - ELECTRONIC LOCATION AND ACCESS
Materials specified Table of contents
Uniform Resource Identifier <a href="http://www.loc.gov/catdir/toc/fy035/2002031453.html">http://www.loc.gov/catdir/toc/fy035/2002031453.html</a>
906 ## - LOCAL DATA ELEMENT F, LDF (RLIN)
a 7
b cbc
c orignew
d 1
e ocip
f 20
g y-gencatlg
942 ## - ADDED ENTRY ELEMENTS (KOHA)
Source of classification or shelving scheme Dewey Decimal Classification
Koha item type BOOKs
Holdings
Withdrawn status Lost status Damaged status Not for loan Home library Current library Shelving location Date acquired Cost, normal purchase price Total Checkouts Full call number Barcode Date last seen Date last checked out Price effective from Koha item type Total Renewals
        . . Library Compactors 30.05.2017 325.00 1 934 THA 29637 21.01.2020 21.01.2020 30.05.2017 BOOKs  
        . .   30.05.2017 399.00 6 934 THA-2 31564 16.01.2024 11.01.2024 30.05.2017 BOOKs 9
        . .   30.05.2017 399.00 3 934 THA-3 31565 14.12.2023 14.12.2023 30.05.2017 BOOKs  
        . .   30.05.2017 399.00 4 934 THA-4 31566 19.08.2024 11.08.2024 30.05.2017 BOOKs 11
        . . Library Compactors 30.05.2017 399.00 4 934 THA-5 31567 22.11.2022 14.11.2022 30.05.2017 BOOKs 3